|
|
|
|
| LEADER |
01349nam a22003014a 4500 |
| 001 |
28010 |
| 003 |
BD-DhAAL |
| 005 |
20140422100200.0 |
| 008 |
140422s2005 nyu d 000 0 eng |
| 010 |
|
|
|a 2004025456
|
| 020 |
|
|
|a 0765612615 (hardcover : alk. paper)
|
| 020 |
|
|
|a 9788120337688
|
| 040 |
|
|
|a DLC
|c DLC
|d DLC
|d BD-DhAAL
|
| 050 |
0 |
0 |
|a JA61
|b .B48 2005
|
| 082 |
0 |
0 |
|a 351/.03
|2 22
|
| 100 |
1 |
|
|a Bhatta, Gambhir.
|9 4275
|
| 245 |
1 |
0 |
|a International dictionary of public management and governance /
|c by Gambhir Bhatta, forword by Des Gasper
|
| 260 |
|
|
|a Armonk, N.Y. ;
|a New Delhi :
|b M.E. Sharpe ;
|b PHI Learning
|c 2006 [Reprinted 2009]
|
| 300 |
|
|
|a xvii, 687 p. ;
|c 24 cm.
|
| 541 |
|
|
|e 28010
|
| 650 |
|
0 |
|a Public administration
|v Dictionaries.
|9 4276
|
| 650 |
|
0 |
|a Administrative agencies
|x Management
|v Dictionaries.
|9 4277
|
| 650 |
|
0 |
|a Management
|v Dictionaries.
|9 4278
|
| 700 |
|
|
|a Gasper, Des
|9 4279
|
| 942 |
|
|
|2 ddc
|c BK
|
| 955 |
|
|
|i se40 2004-10-27
|a aa19 2004-10-29
|c se40 2005-06-22 chg m/e to Bhatta as author not editor per CIP publisher's req;
|a ps07 2005-12-02 1 copy rec'd., to CIP ver.
|a lk18 2006-06-09 c. 2 added
|a sp10 2006-07-21 copy 3 added
|
| 999 |
|
|
|c 14290
|d 14290
|
| 952 |
|
|
|0 0
|1 0
|2 ddc
|4 0
|6 351_030000000000000_BHA
|7 0
|9 24171
|a IGS
|b IGS
|c GEN
|d 2014-04-22
|e Trim Education
|g 1010.00
|l 0
|o 351.03 BHA
|p 3010028010
|r 2014-04-22
|t 1
|w 2014-04-22
|y BK
|